000 00717nam a2200229 i 4500
001 112815
003 ES-MaACL
005 20230906185636.0
007 t|
008 061121s1979 xxc r ||||1| fre d
020 _a0-8405-0415-2
100 1 _aMurin, Charles.
_984598
245 1 0 _aNietzsche problème
_b: Généalogie d'una pensée /
_cCharles Murin ; préface de L. M. Régis.
260 _aMontréal ; Paris :
_bLes Presses de l'Univerdité : J. Vrin,
_c1979.
300 _a301 p. ;
_c22 cm.
500 _aIndice.
504 _aBibliografía.
600 1 4 _aNietzsche, Friedrich,
_d1844-1900
_985718
700 1 _aRégis, L. M.
_995894
852 _aES-MaACL
_jL-11999
_bR.113798
999 _c112815
_d112815